[Event "Wroclaw op-B"]
[Site "Wroclaw"]
[Date "2024.08.12"]
[Round "7"]
[White "Bartoszewicz, Marcin"]
[Black "Gureke, Zuheyir Mert"]
[Result "1/2-1/2"]
[WhiteElo "1885"]
[BlackElo "1764"]
[PlyCount "77"]
[EventDate "2024.08.08"]
[EventType "swiss"]
[EventRounds "9"]
[EventCountry "POL"]
[SourceTitle "EXT 2025"]
[Source "ChessBase"]
[SourceDate "2024.10.14"]
[SourceVersion "1"]
[SourceVersionDate "2024.10.14"]
[SourceQuality "1"]

1. e4 c5 2. Nf3 d6 3. d4 cxd4 4. Nxd4 Nf6 5. Nc3 a6 6. Be2 e5 7. Nb3 Be7 8. Be3 Be6 9. a4 Nbd7 10. 0-0 Nc5 11. Nxc5 dxc5 12. Qxd8+ Rxd8 13. Rfd1 0-0 14. Bg5 Rd4 15. Be3 Rb4 16. Nd5 Bxd5 17. exd5 Rd8 18. c4 Rxb2 19. Kf1 Ne4 20. Rdb1 Rxe2 21. Kxe2 Nc3+ 22. Kd3 Nxb1 23. Rxb1 Rd7 24. Ke4 Bd6 25. Rb6 f6 26. g4 Kf7 27. f3 Ke7 28. g5 Kf7 29. gxf6 gxf6 30. Kf5 Be7 31. Bf2 Bd8 32. Re6 b5 33. axb5 axb5 34. cxb5 Rxd5 35. Rc6 c4 36. b6 Rb5 37. Rxc4 Bxb6 38. Bxb6 Rxb6 39. Rc7+ 1/2-1/2

[Event "Wroclaw op-B"]
[Site "Wroclaw"]
[Date "2024.08.09"]
[Round "3"]
[White "Kossobudzki, Robert"]
[Black "Gureke, Zuheyir Mert"]
[Result "0-1"]
[WhiteElo "1992"]
[BlackElo "1764"]
[PlyCount "96"]
[EventDate "2024.08.08"]
[EventType "swiss"]
[EventRounds "9"]
[EventCountry "POL"]
[SourceTitle "EXT 2025"]
[Source "ChessBase"]
[SourceDate "2024.10.14"]
[SourceVersion "1"]
[SourceVersionDate "2024.10.14"]
[SourceQuality "1"]

1. Nf3 Nf6 2. b4 d5 3. Bb2 Bg4 4. Ne5 Bf5 5. e3 e6 6. c4 c6 7. c5 a5 8. a3 Be7 9. Be2 0-0 10. 0-0 Nfd7 11. f4 Nxe5 12. fxe5 b6 13. d4 Nd7 14. Nc3 bxc5 15. bxc5 Rb8 16. Na4 f6 17. Rxf5 exf5 18. e6 Rxb2 19. Nxb2 Nb8 20. Bd3 g6 21. Qa4 Re8 22. Nd1 Bf8 23. Rb1 Rxe6 24. Rb6 Qe8 25. Qxa5 Nd7 26. Ra6 Rxe3 27. Ra8 Qe6 28. Qd2 Re1+ 29. Kf2 Rh1 30. h3 Kf7 31. Qe2 Ne5 32. Bc2 f4 33. a4 f3 34. Qe3 Bh6 35. Ra7+ Ke8 36. Ra8+ Kd7 37. Ra7+ Kc8 38. Qc3 Ng4+ 39. Kg3 fxg2 40. Ra8+ Kb7 41. Ra7+ Kxa7 42. Qa5+ Kb7 43. Qb6+ Kc8 44. Qa6+ Kd8 45. Qb6+ Ke7 46. Qc7+ Kf8 47. Kxg2 Qe2+ 48. Kxh1 Qf1# 0-1

[Event "Wroclaw Black Horse op-B 1st"]
[Site "Wroclaw"]
[Date "2023.02.23"]
[Round "10"]
[White "Gureke, Zuheyir Mert"]
[Black "Jankowski, Aleksander"]
[Result "1-0"]
[WhiteElo "1540"]
[BlackElo "1711"]
[PlyCount "71"]
[EventDate "2023.02.18"]
[EventType "swiss"]
[EventRounds "10"]
[EventCountry "POL"]
[SourceTitle "EXT 2024"]
[Source "ChessBase"]
[SourceDate "2023.10.10"]
[SourceVersion "1"]
[SourceVersionDate "2023.10.10"]
[SourceQuality "1"]

1. d4 Nf6 2. c4 c5 3. d5 b5 4. cxb5 a6 5. b6 a5 6. Nc3 Qxb6 7. g3 d6 8. Bg2 g6 9. Nf3 Bg7 10. 0-0 Nbd7 11. h3 Ba6 12. Re1 0-0 13. e4 Ne8 14. Qc2 Nc7 15. Bf4 Rab8 16. Rab1 Nb5 17. Nxb5 Bxb5 18. e5 Qa6 19. Rbd1 a4 20. e6 fxe6 21. Rxe6 Bc4 22. Rxe7 Nf6 23. Nh4 Rf7 24. Rxf7 Kxf7 25. Bxd6 Rd8 26. Bc7 Rd7 27. d6 Bxa2 28. Qxc5 Qe2 29. Qc1 Bh6 30. Re1 Bxc1 31. Rxe2 Nd5 32. Nf3 Rxc7 33. dxc7 Nxc7 34. Rc2 Bxb2 35. Rxb2 Bb3 36. Nd2 1-0